synthesis, structural and Microwave Properties of Nano Ferrites / (Record no. 528004)

000 -LEADER
fixed length control field 00562nam a22001697a 4500
082 ## - DEWEY DECIMAL CLASSIFICATION NUMBER
Classification number 200
100 ## - MAIN ENTRY--PERSONAL NAME
Personal name Anwar, Humaira
245 ## - TITLE STATEMENT
Title synthesis, structural and Microwave Properties of Nano Ferrites /
Statement of responsibility, etc. Humaira Anwar
260 ## - PUBLICATION, DISTRIBUTION, ETC.
Place of publication, distribution, etc. Islamabad:
Name of publisher, distributor, etc. SCME - NUST,
Date of publication, distribution, etc. 2014.
300 ## - PHYSICAL DESCRIPTION
Extent 128 p.: ill.;
Dimensions 35cm.
650 ## - SUBJECT ADDED ENTRY--TOPICAL TERM
Topical term or geographic name entry element PhD-Materials Engineering
700 ## - ADDED ENTRY--PERSONAL NAME
Personal name Asghari Maqsood.
856 ## - Uniform Resource Identifier
Uniform Resource Identifier <a href="http://10.250.8.41:8080/xmlui/handle/123456789/22202">http://10.250.8.41:8080/xmlui/handle/123456789/22202</a>
942 ## - ADDED ENTRY ELEMENTS (KOHA)
Source of classification or shelving scheme
Koha item type Thesis
650 ## - SUBJECT ADDED ENTRY--TOPICAL TERM
-- 123162
700 ## - ADDED ENTRY--PERSONAL NAME
-- 19511
Holdings
Withdrawn status Lost status Source of classification or shelving scheme Damaged status Not for loan Permanent Location Current Location Shelving location Date acquired Full call number Barcode Date last seen Price effective from Koha item type
          Central Library (CL) Central Library (CL) Thesis 08/26/2019 200 CLPT-540 08/26/2019 08/26/2019 Thesis
          Central Library (CL) Central Library (CL) Thesis 08/26/2019 200 CLPT-510 08/26/2019 08/26/2019 Thesis
© 2023 Central Library, National University of Sciences and Technology. All Rights Reserved.